• 首页
  • 本馆介绍
  • 公告通知
  • 最新文献
  • 馆藏检索
  • 电子资源
  • 读者导购
  • 参考咨询
  • 我的图书馆
  • 登录
  • 详细信息显示
  • 放入我的书架
  • 预约/预借图书
  • 作者相关作品
  • 分类相关作品
  • 丛书相关作品
  • 出版社相关作品

书目信息

  • 表格格式
  • 工作单格式
  • 卡片格式
题名:
荒诞派戏剧
    
 
作者: 普吕讷 著 ;陆元昶, 译
分册:  
出版信息: 杭州   浙江大学出版社  2014.3
页数: 246页
开本: 21cm
丛书名:
单 册:
中图分类: J809.9
科图分类:
主题词: 荒诞戏剧--huang dan xi ju--戏剧流派--研究 , 戏剧流派--xi ju liu pai , 研究--yan jiu
电子资源:
ISBN: 978-7-308-12968-8
000 01283nam0 22003131 450
001 1754461074
005 20170516112211.0
010    @a978-7-308-12968-8@dCNY39.00
100    @a20140505d2014 em y0chiy50 ea
101 1  @achi@cfre
102    @aCN@b330000
105    @ay a 001yy
106    @ar
200 1  @a荒诞派戏剧@9huang dan pai xi ju@f(法) 米歇尔·普吕讷著@dLes theatres de l'absurde@fMichel Pruner@g陆元昶译@zeng
210    @a杭州@c浙江大学出版社@d2014.3
215    @a246页@d21cm
314    @a米歇尔·普吕讷 (Michel Pruner),里昂第二大学讲师,戏剧研究家,同时亦是喜剧演员和导演。著有《戏剧的制造》、《保留剧目》等。
314    @a陆元昶 (1962-),生于南京,北京大学中文系毕业。译有《修女》、《拉摩的侄儿》等。
320    @a有书目 (第234-236页) 和索引
330    @a本书描述了荒诞派戏剧的产生、发展及其影响,详尽地介绍了荒诞戏剧的主要剧作家,简要地分析了他们的戏剧,揭示出荒诞戏剧的总体特征和影响。
510 1  @aTheatres de l'absurde@zeng
606 0  @a荒诞戏剧@9huang dan xi ju@x戏剧流派@x研究
606 0  @a戏剧流派@9xi ju liu pai
606 0  @a研究@9yan jiu
690    @aJ809.9@v5
701  1 @c(法)@a普吕讷@9pu lv ne@c(Pruner,Michel)@4著
702  0 @a陆元昶,@9lu yuan chang ,@f1962-@4译
801  0 @aCN@b百万庄@c20170512
905    @b1004910-5@dJ809.9@e108@f6
    
    荒诞派戏剧/(法) 米歇尔·普吕讷著=Les theatres de l'absurde/Michel Pruner/陆元昶译.-杭州:浙江大学出版社,2014.3
    246页;21cm
    
    
    ISBN 978-7-308-12968-8:CNY39.00
    本书描述了荒诞派戏剧的产生、发展及其影响,详尽地介绍了荒诞戏剧的主要剧作家,简要地分析了他们的戏剧,揭示出荒诞戏剧的总体特征和影响。
●
相关链接 在E读中查询图书 在五车中查询图书 在当当中查询图书 在豆瓣中查询图书


正题名:荒诞派戏剧     索取号:J809.9/108         预约/预借

序号 登录号 条形码 馆藏地/架位号 状态 备注
1 1004910   210049106   第一样本阅览室/ [索取号:J809.9/108] 在馆    
2 1004911   210049115   教育系资料室/ [索取号:J809.9/108] 在馆    
3 1004912   210049124   教育系资料室/ [索取号:J809.9/108] 在馆    
4 1004913   210049133   教育系资料室/ [索取号:J809.9/108] 在馆    
5 1004914   210049142   第一借阅区/ [索取号:J809.9/108] 在馆    
6 1004915   210049151   第一借阅区/ [索取号:J809.9/108] 在馆    
唐山师范学院图书馆 欢迎您!
大连网信软件有限公司© 版权所有